Analýza podnikateľského prostredia zameraná na podnikanie v malých a stredných podnikoch diplomová práca

Uložené v:
Podrobná bibliografia
Hlavný autor: Jenčíková, Mária
Korporativný autor: Národohospodárska fakulta EU. Katedra financií
Ďalší autori: Belanová, Katarína, 1978-
Médium: Kniha
Jazyk:Slovak
Vydavateľské údaje: Bratislava 2008
Tagy: Pridať tag
Žiadne tagy, Buďte prvý, kto otaguje tento záznam!

MARC

LEADER 00000nam$a2200000$$$4500
001 0078708
005 20240201114810.7
041 0 |a slo 
044 |a SK 
245 1 0 |a Analýza podnikateľského prostredia zameraná na podnikanie v malých a stredných podnikoch  |b diplomová práca  |c Mária Jenčíková ; škol. Katarína Belanová 
264 1 |a Bratislava  |c 2008 
300 |a 79 s. 
100 1 |a Jenčíková, Mária 
700 1 |a Belanová, Katarína, 1978- 
710 2 |a Národohospodárska fakulta EU. Katedra financií